[Event "Longueuil Coupe Confrontation"]
[Site "Longueuil"]
[Date "1991.02.??"]
[Round "4"]
[White "Nunez, Omar"]
[Black "Plante, Eric"]
[Result "1-0"]
[WhiteElo "1801"]
[BlackElo "1374"]
[PlyCount "79"]
[EventDate "1991.02.??"]
[EventType "swiss"]
[EventRounds "5"]
[EventCountry "CAN"]
[SourceTitle "EXT 2022"]
[Source "ChessBase"]
[SourceDate "2021.10.06"]
[SourceVersion "1"]
[SourceVersionDate "2021.10.06"]
[SourceQuality "1"]

1. c4 c5 2. Nc3 Nc6 3. g3 g6 4. Bg2 Bg7 5. e3 d6 6. Nge2 Bf5 7. d3 e6 8. e4 Bg4 9. f3 Bxf3 10. Bxf3 Nd4 11. Nxd4 Bxd4 12. Qa4+ Qd7 13. Qxd7+ Kxd7 14. Bd2 Ne7 15. Rf1 Nc6 16. Bg5 Ne5 17. Be2 a6 18. 0-0-0 Rhf8 19. Bf4 f6 20. Bxe5 fxe5 21. Kd2 h5 22. h3 b5 23. Rxf8 Rxf8 24. Rf1 Rxf1 25. Bxf1 bxc4 26. dxc4 Kc6 27. Nd1 a5 28. Bd3 g5 29. h4 gxh4 30. gxh4 d5 31. cxd5+ exd5 32. exd5+ Kxd5 33. Bg6 e4 34. Bxh5 Ke5 35. Bg6 Kf6 36. Bxe4 Kg7 37. h5 Kh6 38. Bg6 Kg5 39. b3 Kf6 40. Kd3 1-0